000 01185nam a22003370a 4500
001 PT4603
003 AR-LpoUNG
005 20210131231902.0
008 191001s1999||||ag |||||||||||||||||spa d
020 _a9501221113
_c$6.55
040 _aAR-LpoUNG
_bspa
_cAR-LpoUNG
_eaacr
041 _aspa
044 _aag
082 0 _a372.044 6 413did
100 1 _aAlisedo, Graciela
245 1 0 _aDidáctica de las ciencias del lenguaje :
_baportes y reflexiones
250 _a1º edición - 5ª reimpresión
260 _aBuenos Aires :
_bPaidós,
_c1999.
300 _a233 p. :
_bgráfs.
520 _aEste libro propone un recorrido a lo largo de la alfabetización, desde la ortografía hasta la progresiva experimentación con los formatos textuales, con vista a la trasposición didáctica de los saberes lingüísticos del maestro apoyados en la competencia lingüística de los alumnos.
650 4 _aDOCENTES
650 4 _aENSEÑANZA
650 4 _aESCRITURA
650 4 _aLITERATURA
650 4 _aMETODOS PEDAGOGICOS
651 4 _aDOCUMENTOS TEORICOS O METODOLOGICOS
700 1 _aChiocci, Cristina
700 1 _aMelgar, Sara
905 _a4603
942 _cLIB
999 _c12416
_d12416